Catálogo
 En Linea

Poesía panameña contemporánea : (Registro nro. 22717)

Detalles MARC
000 -CABECERA
campo de control de longitud fija 00733nam a2200193 a 4500
001 - NÚMERO DE CONTROL
campo de control 000023220
005 - FECHA Y HORA DE LA ÚLTIMA TRANSACCIÓN
campo de control 20200930022052.0
008 - DATOS DE LONGITUD FIJA--INFORMACIÓN GENERAL
campo de control de longitud fija 101130s2001 pn r 000 p spa d
040 ## - FUENTE DE LA CATALOGACIÓN
Centro catalogador/agencia de origen DO-SdBNP
Lengua de catalogación spa
Centro/agencia transcriptor BNPHU
082 ## - NÚMERO DE LA CLASIFICACIÓN DECIMAL DEWEY
Número de clasificación P861.4408
Número de documento/Ítem P745p
049 ## - FONDOS LOCALES (OCLC)
Fondos de biblioteca BNGR
245 00 - MENCIÓN DE TÍTULO
Título Poesía panameña contemporánea :
Resto del título antología 41 autores /
Mención de responsabilidad, etc. compilación y prólogo Luis Carlos Jiménez Varela.
260 ## - PUBLICACIÓN, DISTRIBUCIÓN, ETC.
Lugar de publicación, distribución, etc. Panamá :
Nombre del editor, distribuidor, etc. círculo Cultura y Literario León A. Soto,
Fecha de publicación, distribución, etc. 2001.
300 ## - DESCRIPCIÓN FÍSICA
Extensión 154 p. ;
Dimensiones 21 cm.
500 ## - NOTA GENERAL
Nota general Incluye referencia biográfica del compilador en la contra portada.
650 #4 - PUNTO DE ACCESO ADICIONAL DE MATERIA--TÉRMINO DE MATERIA
Término de materia o nombre geográfico como elemento de entrada Poesía panameña
Subdivisión general Colecciones
9 (RLIN) 47806
650 #4 - PUNTO DE ACCESO ADICIONAL DE MATERIA--TÉRMINO DE MATERIA
Término de materia o nombre geográfico como elemento de entrada Literatura panameña
9 (RLIN) 4261
700 1# - PUNTO DE ACCESO ADICIONAL--NOMBRE DE PERSONA
Nombre de persona Jiménez Varela, Luis Carlos,
Término indicativo de función/relación pról.
9 (RLIN) 47807
Existencias
Estado de retiro Estado de pérdida Restricciones de uso No para préstamo Código de colección Localización permanente Ubicación/localización actual Ubicación en estantería Fecha de adquisición Número de inventario Total de préstamos Signatura topográfica completa Código de barras Fecha visto por última vez Precio válido a partir de Tipo de ítem Koha
        Monografías: Libros y Folletos General General En catalogación 30.11.2010 LF1   P861.4408 P745p 23220-10 25.06.2020 25.06.2020 Préstamo en sala

Con tecnología Koha